[Event "SVK-ch U14"]
[Site "Liptovsky Mikulas"]
[Date "2007.04.24"]
[Round "4"]
[White "Kost, Marek"]
[Black "Chilla, Radoslav"]
[Result "0-1"]
[WhiteElo "1350"]
[BlackElo "1406"]
[PlyCount "88"]
[EventDate "2007.04.22"]
[EventType "swiss"]
[EventRounds "9"]
[EventCountry "SVK"]
[SourceTitle "EXT 2008"]
[Source "ChessBase"]
[SourceDate "2007.11.25"]
[SourceVersion "1"]
[SourceVersionDate "2007.11.25"]
[SourceQuality "1"]

1. e4 e5 2. Bc4 Nc6 3. Nc3 Nf6 4. d3 h6 5. Be3 Bb4 6. Qd2 d6 7. h3 Qe7 8. a3 Ba5 9. b4 Bb6 10. Bxb6 axb6 11. Nf3 Be6 12. Bxe6 Qxe6 13. Nb5 Qd7 14. 0-0 0-0 15. Nh4 Ne7 16. c4 d5 17. exd5 Nfxd5 18. Rfe1 f6 19. d4 Nf4 20. Nf3 c6 21. Nc3 exd4 22. Qxd4 Qxd4 23. Nxd4 Rfe8 24. Ne6 Nxe6 25. Rxe6 Nf5 26. Rxe8+ Rxe8 27. Na4 b5 28. cxb5 cxb5 29. Nc3 Nd4 30. Rd1 Rd8 31. Nxb5 Ne2+ 32. Kh2 Rxd1 33. a4 Nd4 34. Nc3 Rc1 35. Nd5 Rc4 36. a5 Nc2 37. b5 Ra4 38. a6 bxa6 39. bxa6 Rxa6 40. Ne7+ Kf7 41. Nf5 g6 42. Nxh6+ Ke6 43. Ng4 f5 44. Nh6 Kf6 0-1